Lectiones propria imposterum recitandae cum oratione in festo B. Cunegundis cetera ut in ejus festi.

Detalles Bibliográficos
Formato: Libro
Publicado: México
Materias:
Colección:Banco de datos
Acervo:Biblioteca del Convento de San Pablo. Yuririahupándaro. Guanajuato
Tema general:Homilética
Notas:Mala. 4A1, 5.
LEADER 00653nam a22001810004500
035 |a 38370 
036 |a 4011 
245 1 0 |a Lectiones propria imposterum recitandae cum oratione in festo B. Cunegundis cetera ut in ejus festi. 
260 |a México  |b José Bernardo de Hogal imp. 
500 |a Mala. 4A1, 5. 
650 1 0 |a Homilética 
949 |a CRG-CY 
959 |a Ex convento de San Pablo, Museo Regional de Yuririahpúndaro, Guanajuato  |b CCC9 
960 |a Convento San Pablo Yuririahpúndaro, Guanajuato  |b DD86 
961 |a Agustina  |b OA 
942 |c CRG-CY 
943 |g Biblioteca del Convento de San Pablo. Yuririahupándaro. Guanajuato 
999 |c 959036  |d 959036